000 00640nam a2200241Ia 4500
003 OSt
005 20220918220831.0
006 a|||||r|||| 00| 0
007 ta
008 220917b |||||||| |||| 00| 0 eng d
024 _a147,164
037 _cTextual
040 _aARTS
_cARTS
_beng
041 _2eng
_aeng
082 _aY31:6.6.N8, M5
100 _aRimmer Douglas Ed
_9138357
245 0 _aRural transformation in tropical Africa
260 _aLondon
_bBelhaven
_c1985
300 _a177p.
_ccm.
650 _aSOCIOLOGY
942 _hY31:6.6.N8, M5
_cTEXL
_2CC
999 _c269918
_d269918